LIBRARY & INFORMATION CENTRE, KCAET, TAVANUR

ONLINE PUBLIC ACCESS CATALOGUE (OPAC)

Performance evaluation of different wick materials in wick irrigation (Record no. 15475)

MARC details
000 -LEADER
fixed length control field 00555nam a22001577a 4500
003 - CONTROL NUMBER IDENTIFIER
control field OSt
008 - FIXED-LENGTH DATA ELEMENTS--GENERAL INFORMATION
fixed length control field 180925b ||||| |||| 00| 0 eng d
082 ## - DEWEY DECIMAL CLASSIFICATION NUMBER
Classification number 631.75807
Item number ANJ/PE
100 ## - MAIN ENTRY--AUTHOR NAME
Personal name Anju B.
-- Athira s.
245 ## - TITLE STATEMENT
Title Performance evaluation of different wick materials in wick irrigation
260 ## - PUBLICATION, DISTRIBUTION, ETC. (IMPRINT)
Place of publication Thavanur
Name of publisher Department of land and water resource and conservation engineering
Year of publication 2018
300 ## - PHYSICAL DESCRIPTION
Number of Pages vii, 85
Accompanying material CD
700 ## - ADDED ENTRY--PERSONAL NAME
Personal name Sajeena S. (Guide)
856 ## - ELECTRONIC LOCATION AND ACCESS
Uniform Resource Identifier <a href="https://drive.google.com/open?id=1D4b76fEUNw2MBXZH7r9fFqMMfBwO_UTZ">https://drive.google.com/open?id=1D4b76fEUNw2MBXZH7r9fFqMMfBwO_UTZ</a>
942 ## - ADDED ENTRY ELEMENTS (KOHA)
Koha item type Project Report
Holdings
Withdrawn status Lost status Damaged status Home library Current library Date acquired Full call number Accession Number Koha item type
      KAUAET KAUAET 23/07/2018 631.75807 ANJ/PE P 403 Project Report
free website counter